[Event "IECC M email"]
[Site "IECC email"]
[Date "2001.04.13"]
[Round "?"]
[White "Griffith, Christopher"]
[Black "Le Toulouse, Pascal"]
[Result "0-1"]
[WhiteElo "1345"]
[BlackElo "1598"]
[PlyCount "40"]
[EventDate "2001.??.??"]
[EventType "tourn (corr)"]
[EventRounds "6"]
[SourceTitle "Corr 2008"]
[Source "ChessBase"]
[SourceDate "2008.06.24"]
[SourceVersion "1"]
[SourceVersionDate "2008.06.24"]
[SourceQuality "1"]

1. e4 c5 2. Nc3 Nc6 3. d3 g6 4. Nf3 Bg7 5. Bd2 d6 6. Be2 Nf6 7. 0-0 0-0 8. Nd5 Nxd5 9. exd5 Ne5 10. c4 e6 11. Bc3 exd5 12. Nxe5 dxe5 13. cxd5 Qxd5 14. Bf3 Qd6 15. Re1 a5 16. Re2 Rb8 17. Bxa5 b6 18. Bc3 Ba6 19. Re3 Rbd8 20. Be4 f5 0-1